000 02441cam a2200373 i 4500
001 111953
005 20230411085737.0
008 130807s2006 enka 000 0 eng
020 _a9780415770132
020 _a0415770130
020 _a9780415770149
020 _a0415770149
041 0 _aeng
050 1 4 _aJZ 1318
_bG562g 2006
245 0 0 _aGlobalization and the Gulf /
_cedited by John W. Fox, Nada Mourtada-Sabbah and Mohammed Al Mutawa.
260 _aLondon :
_bRoutledge,
_c2006.
300 _aviii, 298 p. ;
_c25 cm.
505 0 _aThe Arab Gulf region : traditionalism globalized or globalization traditionalized? / John W. Fox, Nada Mourtada-Sabbah, Mohammad Al-Mutawa -- The concept of security in a globalizing world / Steve Smith -- Globalization at the beginnings of the twentieth and twenty-first centuries / Roger Owen -- Globalization as economic phenomenon : a critical interpretation / Tim Niblock -- The trends in globalization critiqued / Ismail Sirageldin -- How likely is democracy in the Gulf? / Khaldoun Al Naqeeb -- An argument for enhancing Arab identity within globalization / Gaber Asfour -- The Gulf engulfed : confronting globalization American-style / Michael C. Hudson -- Saudi Arabia's role in the global economy / Rodney Wilson -- The impact of globalization on Arab Gulf states / Abdulkhaleq Abdulla -- An overview of international relations from the Arabian Gulf / Fred Halliday -- Foreign matter : the place of strangers in Gulf society / Paul Dresch -- Ambivalent anxieties of the South Asian-Gulf Arab labor exchange / John Willoughby -- The evolution of the Gulf city type, oil, and globalization / Sulayman Khalaf -- Heritage revivalism in Sharjah / John W. Fox, Nada Mourtada-Sabbah, Mohammed Al-Mutawa.
650 0 _aGlobalization
_zArab countries.
650 0 _aGlobalization.
650 0 _aPersian Gulf Region
_xCivilization.
650 0 _aPersian Gulf Region
_xCivilization
_xWestern influences.
650 0 _aPersian Gulf Region
_xCivilization.
650 4 _aGlobalización
_xPaíses árabes.
650 4 _aGlobalización.
650 4 _aRegión del golfo pérsico
_xCivilizacion.
650 4 _aRegión del golfo pérsico
_xCivilizacion
_xInfluencias Occidentales.
650 4 _aRegión del golfo pérsico
_xCivilizacion
700 1 _aFox, John W.
700 1 _aSabbah, Nada Mourtada
700 1 _aMutawa, Mohammed al
942 _2lcc
_cbk
946 _almd
999 _c106835
_d106835